000 00372 a2200169 4500
001 72417
020 _a8516001318
040 _cAnchieta - Colégio São Paulo
100 _aDias-Beck, Suzana
240 1 0 _aVoltando pra casa
_lpor
245 1 0 _aVoltando pra casa
300 _a68
362 0 _a1993
440 1 _aModerna
650 4 _aLiteratura juvenil
942 _cBK
999 _c72417
_d72417